000 01718cam a22004694i 4500
003 PE-LiUPU
005 20250731173534.0
008 150616s1994 miu r 000 0 eng d
020 _a0801097320
035 _a(Sirsi) i9780801097324
040 _aPE-LiUPU
_bspa
_cPE-LiUPU
_erda
049 _aPRUA
082 0 4 _a269.260973
_bW26
_221
100 1 _aWard, Mark,
_eautor.
245 1 0 _aAir of Salvation :
_bThe Story of Christian Broadcasting /
_cMark Ward, Sr. ; foreword by E. Brandt Gustavson.
264 1 _aGrand Rapids :
_bBaker Books,
_c1994.
300 _a256 páginas ;
_c22 centímetros
336 _atext
_2rdacontent
337 _aunmediated
_2rdamedia
338 _avolume
_2rdacarrier
505 0 _aThe moment of truth -- The early pioneers -- The networks rise -- The battle rages -- The picture changes -- The medium matures.
526 _aSEG42
526 _aSEG41
526 _aSEG40
526 _aSEG39
526 _aP94
526 _aP87
526 _aP86
526 _aP85
526 _aP77
526 _aP76
526 _aP35
650 1 4 _aRadiodifusión religiosa
_zEstados Unidos
_xHistoria.
650 2 4 _aRadiodifusión religiosa
_xCristianismo
_xHistoria.
910 _ajck
_bjvq
_cjck
942 _2ddc
_cBOOK
949 _a269.260973 W26
_wDEWEY
_c1
_i42353
_lCCODEBUL1
_mBUL
_r0
_sY
_tBOOK
_u2015-6-16
_xTEOLOGIA
_zUNKNOWN
_0COMPRA
_o.STAFF. Colección General
994 _aC0
_bPEPRU
596 _a1
999 _a269.260973 W26
_wDEWEY
_c60187
_i42353
_f2021-11-10
_g6
_lCCODEBUL1
_mBUL
_p12.00
_r0
_sY
_tBOOK
_u2015-6-16
_xTEOLOGIA
_zUNKNOWN
_0COMPRA
_o.STAFF. Colección Teología
_d60187
980 _81
_gALBERTO SANCHEZ Responsable de Automatización